| 000 | 004280000a22001690004500 | ||
|---|---|---|---|
| 003 | MACL | ||
| 005 | 20160107155708.0 | ||
| 008 | 160107b xxu||||| |||| 00| 0 eng d | ||
| 040 |
_aMACL _cMACL |
||
| 041 | _aEnglish | ||
| 082 | _a900/WHI | ||
| 100 |
_aWhitaker, Frank _923435 |
||
| 245 | _aPicturre Book of English History | ||
| 260 |
_bCountry Life Ltd _aLondon _c1957 |
||
| 650 |
_aHistory _929325 |
||
| 942 |
_cBK _k900/WHI _2ddc |
||
| 999 |
_c34604 _d34604 |
||